Engineering law and the ICE contracts (Record no. 103041)

MARC details
000 -LEADER
fixed length control field 01035cam a2200229 4500
008 - FIXED-LENGTH DATA ELEMENTS--GENERAL INFORMATION
fixed length control field 030901n1979 000 0 eng u
020 ## - INTERNATIONAL STANDARD BOOK NUMBER
International Standard Book Number 0419160809
035 ## - SYSTEM CONTROL NUMBER
System control number (Sirsi) u123436
041 ## - LANGUAGE CODE
Language code of text/sound track or separate title eng
050 ## - LIBRARY OF CONGRESS CALL NUMBER
Classification number 624.8
-- 18
100 ## - MAIN ENTRY--PERSONAL NAME
Personal name Abrahamson, Max W.
245 ## - TITLE STATEMENT
Title Engineering law and the ICE contracts
250 ## - EDITION STATEMENT
Edition statement 4th ed.
260 ## - PUBLICATION, DISTRIBUTION, ETC.
Place of publication, distribution, etc. London
Name of publisher, distributor, etc. Spon
Date of publication, distribution, etc. 1979
300 ## - PHYSICAL DESCRIPTION
Extent 25cm
350 ## - PRICE (NR) (BK AM CF MU VM SE) [OBSOLETE]
Price 160
520 ## - SUMMARY, ETC.
Summary, etc. New edition of this publication which provides an analysis of each clause of the Institution of Civil Engineers forms of contract, along with cross-references and the background law necessary to apply it. Also provides an outline of general engineering law independent of these forms. Due to the publication a new edition of the FIDIC International Conditions in 1977, the chapter dealing with the FIDIC conditions has been omitted. Updated and expanded.
650 ## - SUBJECT ADDED ENTRY--TOPICAL TERM
Topical term or geographic name entry element ICE CONDITIONS OF CONTRACT
650 ## - SUBJECT ADDED ENTRY--TOPICAL TERM
Topical term or geographic name entry element FIDIC CONDITIONS OF CONTRACT
690 ## - LOCAL SUBJECT ADDED ENTRY--TOPICAL TERM (OCLC, RLIN)
Topical term or geographic name as entry element BUILDING AND CONSTRUCTION-ENGINEERING
942 ## - ADDED ENTRY ELEMENTS (KOHA)
Suppress in OPAC 0
Holdings
Withdrawn status Lost status Source of classification or shelving scheme Damaged status Not for loan Home library Current library Shelving location Date acquired Cost, normal purchase price Total Checkouts Full call number Barcode Date last seen Date last checked out Copy number Cost, replacement price Price effective from Koha item type
    Other/Generic Classification Scheme     London London Books 19/01/2004 136.00 11 642.8 ABR 30068987 06/08/2019 06/05/2009 1 136.00 06/08/2019 Book